Statistics for 'Tokyo Ghoul' - character quiz

Click here to take the quiz!

General Stats

  • This quiz has been taken 310 times
  • The average score is 11 of 23

Answer Stats

DescriptionCharacter% Correct
The main protagonist who becomes known as the 'One-Eyed Ghoul'.Ken Kaneki
95%
Arguably in love with the protagonist, and an (ex) waitress at Anteiku.Touka Kirishima
95%
The protagonists best friend with orange/blonde hair.Hideyoshi Nagachika
93%
Watches her mum get murdered and likes the same author as the protagonist.Hinami Fueguchi
81%
Makes masks for both ghouls and humans.Uta
71%
No.3's younger brother.Ayato Kirishima
64%
The founder and leader of Aogiri, she is the half-human daughter of Yoshimura. The 'One-Eyed Owl'Eto Yoshimura
64%
What is 1000-7?Jason (Yakumo Ōmori)
62%
Now a part of the protagonist.Rize Kamishiro
59%
Takes over as her fatherAkira Mado
54%
Investigator who wields a huge scythe quinque.Juuzou Suzuya
53%
Extremely territorial ghoul who attends the same university as the protagonist.Nishiki Nishio
53%
Previous answers father and amazing investigator.Kureo Mado
39%
Runs a bar in the 14th District, and spills blood over the protagonist early on.Itori
34%
The Second-in-Command of Aogiri, a cunning Ghoul with former ties to a group of ghouls known as Chi She Lian.Tatara
33%
White-Haired one-eyed ghoul twin.Nashiro Yasuhisa
28%
Protects her daughter to the bitter end.Ryouko Fueguchi
28%
A feminine and flamboyant ghoul.Nico
26%
Main investigator (A rank1 investigator).Kōtarō Amon
24%
The 'Black Dog'.Kaya Irimi
23%
The 'Devil Ape'.Enji Koma
20%
The previous answers murdered father.Asaki Fueguchi
17%
Black-Haired one-eyed ghoul twin.Kurona Yasuhisa
14%

Score Distribution

Percentile by Number Answered

Percent of People with Each Score

Your Score History

You have not taken this quiz